[Event "VIE-ch U11 Girls"]
[Site "Ho Chi Minh City"]
[Date "2014.07.18"]
[Round "9"]
[White "Pham, Thi Ngoc Nhi"]
[Black "Nguyen, Le Quyen"]
[Result "1/2-1/2"]
[WhiteElo "1721"]
[BlackElo "1715"]
[PlyCount "56"]
[EventDate "2014.07.13"]
[EventType "swiss"]
[EventRounds "9"]
[EventCountry "VIE"]
[SourceTitle "EXT 2016"]
[Source "ChessBase"]
[SourceDate "2015.10.08"]
[SourceVersion "1"]
[SourceVersionDate "2015.10.08"]
[SourceQuality "1"]

1. e4 e6 2. Nf3 d5 3. Nc3 dxe4 4. Nxe4 Nc6 5. Bb5 Bd7 6. 0-0 Be7 7. d3 h6 8. Re1 Nf6 9. Nxf6+ Bxf6 10. Rb1 a6 11. Bxc6 Bxc6 12. b3 0-0 13. Bb2 Bxb2 14. Rxb2 Qf6 15. d4 Bxf3 16. gxf3 c5 17. c3 cxd4 18. cxd4 Rfe8 19. Rd2 Rad8 20. Re3 Qg5+ 21. Kf1 Qf4 22. Kg2 Rd7 23. Re4 Qf6 24. d5 Qg5+ 25. Kf1 Red8 26. f4 Qf5 27. Red4 exd5 28. f3 Qf6 1/2-1/2

[Event "VIE-ch U11 Girls"]
[Site "Ho Chi Minh City"]
[Date "2014.07.14"]
[Round "3"]
[White "Nguyen, Le Quyen"]
[Black "Tran, Nguyen Nha Han"]
[Result "0-1"]
[WhiteElo "1715"]
[BlackElo "1741"]
[PlyCount "63"]
[EventDate "2014.07.13"]
[EventType "swiss"]
[EventRounds "9"]
[EventCountry "VIE"]
[SourceTitle "EXT 2016"]
[Source "ChessBase"]
[SourceDate "2015.10.08"]
[SourceVersion "1"]
[SourceVersionDate "2015.10.08"]
[SourceQuality "1"]

1. e4 e5 2. Nf3 Nc6 3. Bc4 Bc5 4. c3 Nf6 5. d4 exd4 6. cxd4 Bb4+ 7. Bd2 Nxe4 8. Bxb4 Nxb4 9. Qb3 d5 10. Qxb4 dxc4 11. Qxc4 0-0 12. 0-0 Re8 13. Nc3 Bg4 14. Qd3 Bxf3 15. Qxf3 Nd2 16. Qd3 Nxf1 17. Rxf1 h6 18. h3 Re7 19. Rd1 Qd6 20. Qb5 Rae8 21. Qf1 a6 22. g3 Qf6 23. Kh2 c6 24. d5 Qf3 25. dxc6 bxc6 26. Rd3 Re3 27. Rxe3 Rxe3 28. Qg2 Qxg2+ 29. Kxg2 Rd3 30. Ne4 Rd5 31. Nc3 Rd2 32. Na4 0-1

[Event "VIE-ch U11 Girls"]
[Site "Ho Chi Minh City"]
[Date "2014.07.13"]
[Round "2"]
[White "Vo, Thi Ngoc Minh"]
[Black "Nguyen, Le Quyen"]
[Result "1/2-1/2"]
[WhiteElo "1729"]
[BlackElo "1715"]
[PlyCount "135"]
[EventDate "2014.07.13"]
[EventType "swiss"]
[EventRounds "9"]
[EventCountry "VIE"]
[SourceTitle "EXT 2016"]
[Source "ChessBase"]
[SourceDate "2015.10.08"]
[SourceVersion "1"]
[SourceVersionDate "2015.10.08"]
[SourceQuality "1"]

1. e4 e6 2. d4 d5 3. e5 c5 4. c3 Qb6 5. a3 Bd7 6. Nf3 Bb5 7. Bxb5+ Qxb5 8. b4 cxd4 9. cxd4 Ne7 10. Qb3 Nbc6 11. Nc3 Qb6 12. Ne2 Nf5 13. Bb2 Be7 14. Rc1 0-0 15. 0-0 f6 16. Nf4 Ncxd4 17. Nxd4 Nxd4 18. Bxd4 Qxd4 19. Nxe6 Qxe5 20. Nxf8 Kxf8 21. Qg3 Qxg3 22. fxg3 b6 23. Rcd1 Rd8 24. Rf5 d4 25. Rf3 a5 26. b5 Bc5 27. Kf1 Rd5 28. a4 Rh5 29. h3 Rg5 30. g4 h5 31. Rf4 hxg4 32. Rxg4 Rf5+ 33. Ke2 Re5+ 34. Kf3 Re3+ 35. Kf2 d3 36. Kf1 Bb4 37. Rd4 d2 38. R1xd2 Bxd2 39. Rxd2 Ke7 40. Kf2 Ra3 41. Rd4 Ra2+ 42. Kg3 Ra3+ 43. Kh4 Ra2 44. g3 Ke6 45. Rg4 f5 46. Rxg7 Rxa4+ 47. Kh5 Kd6 48. Rg5 Ra3 49. Kh4 a4 50. Rxf5 Ra1 51. Rf4 a3 52. Ra4 a2 53. g4 Kc5 54. g5 Kxb5 55. Ra8 Kb4 56. g6 Kb3 57. Kh5 Kb2 58. h4 Rg1 59. Kh6 a1Q 60. Rxa1 Kxa1 61. g7 b5 62. Kh7 b4 63. g8Q Rxg8 64. Kxg8 b3 65. h5 b2 66. h6 b1Q 67. h7 Qg1+ 68. Kh8 1/2-1/2